000 00550nam a2200241 a 4500
001 nice12345678
003 IN_TiNIC
005 20260116011257.0
008 050524s1962 bosa grp 000 0 eng
020 _a
_c58.75
082 0 0 _a938
_bTAR
100 _aTarn, W W
245 _aAlexander the Great
260 _aBoston
_bBeacon Press
_c1962
300 _a160p
500 _aincludes index and biblioraphy
505 2 _aindex
650 _aAlexander the Great
700 1 _aTarn, W W
902 _bSRS
942 _cBK
999 _c105
_d105